000
00325 a2200145 4500
001
172028
020
_a
040
_c
Magnum
100
_a
Ferreira, Glauco Rodrigues
240
1
0
_a
O misterio do fiscal dos canos
_l
por
245
1
0
_a
O misterio do fiscal dos canos
362
0
_a
1899
697
_a
J/ROMANCE
942
_c
BK
999
_c
172028
_d
172028